000 00771na a2200277 4500
001 14076
003 MIRAKIL
005 20181213155027.0
008 160908b tu 000 0
020 _a9786055289133
035 _a14076
040 _aMilas
_btur
_cTR-AnCHP
082 _a923.14 Blair,T.
_bB42b 2010
090 _a923.14 Blair,T. B42b 2010
100 _aBlair, Tony
245 _aBir yolculuk
_cTony Blair ; çeviren : Enver Günsel
260 _aİstanbul
_bPegasus
_c2012
300 _a736 s.
_bfotg.
_c21 sm.
490 _aOtobiyografi
_v5
490 _aPegasus yayınları
_v494
600 _aBlair,Tony
_xAnılar
600 _aBlair,Tony
_d(1953-)
_xYaşamöyküsü
650 _aSiyasetçiler
700 _aGünsel, Enver
942 _2ddc
_cBKS
999 _c5085
_d5085